000 00863nam a22003017a 4500
003 CHAP
005 20220329133637.0
008 971013s1988 r 00010 d
010 _a8954
011 _a9926
035 _a9162
040 _cCHAP
082 _a340
_bK4Y
100 0 0 _aKelsen, Hans.
_962969
245 _aTeoría general del derecho y del estado
260 _aMéxico, D. F. :
_bUNAM,
_c1988
300 _a477 p.
490 _aTextos universitarios
590 _aBATCH-UPD
_b10
_c20130110
_lUCH01
_h2102
590 _aBATCH-UPD
_b10
_c20130410
_lUCH01
_h1414
590 _aCONVERSION
_b10
_c20130109
_lUCH01
_h1306
650 1 4 _aDerecho
_931861
650 1 4 _aEstado, El.
_938240
830 0 _aTextos universitarios
_9112581
901 _aBK
942 _cLIBRO
949 _a340 K4Y
_bBC
_cLIBRO
_d33724000380549
_eLIBRO
_gI.c/e
_h77744
_i9162
_si
_t20.00
999 _c8954
_d8954